000 00356nam a2200133Ia 4500
008 240624s9999 xx 000 0 und d
041 _aeng
082 _a658.4092 COO
100 _aCOOPER DAVID J
245 _aLEADERSHIP FOR FOLLOWER COMMITMENT
260 _c2003
_aOxford
_bButterworth Heinemann
300 _aix, : 204 : p. : cm. ; 23
365 _cRS
_b30
999 _c16393
_d16393